MDQL
is popping MORE tags! Check the
thread
!
Quizzes
Events
Quiz Creation
Community
Videos
Private Events
Remove Ads
Sign In
Join for FREE
Feedback
Dark Mode
Quiz Categories
Sports
Geography
Music
Movies
Television
Just For Fun
Miscellaneous
History
Literature
Language
Science
Gaming
Entertainment
Religion
Holiday
For Kids
Quiz Lab
Recent
Popular Today
Quiz Kudos Today
Editor Picks
Curator Picks
Quizzes by...
Day
Popularity
Type
Ratings
Length
Year
Community
Subscriptions
Recent Discussions
Orange Saloon
Badges
Playlists
Quests
Create
Leaderboards
Showdown
Live 5
Trivia Bingo
Activity
Puzzle Library
Sporcle Events
Private Events
Virtual Trivia
Globe League
Become a Host
Pub Owners
SporcleCon
Opinionation
Our Games
Videos
Blog
Mobile Apps
Partnerships
Remove Ads and Go Orange
Feedback
Gaming
Video Games
Board Games
Card Games
Pokémon
Mario
Nintendo
Minecraft
Console
Toys
Legend of Zelda
Gaming
Video Games
Board Games
Card Games
Pokémon
Mario
Nintendo
Minecraft
Console
Toys
Legend of Zelda
Random Quiz
Search Sporcle
×
Quiz Lab
Quiz Lab
Gaming
Nintendo
Type in answers that appear in a list
Type in answers that appear in a list
Classic
Best Score? Go Orange.
Pokemon Signature Moves in Gen 4 Stats
Can you name the Signature Moves in Gen 4?
By
NJJ
12m
50 Questions
42 Plays
42 Plays
42 Plays
Comments
Comments
Give Quiz Kudos
Give Quiz Kudos
-
- Ratings
hide this ad
Replay
Link that replays current quiz
Next Quiz
Link to next quiz in quiz playlist
You Got
0%
They Got
Avg Score
80%
Avg Friend Score
Upgrade to see
Score Distribution
Jump to the score distribution portion of the page
Score
0/50
Timer
12:00
0
Plays Today
Pokemon
Signature Move
% Correct
Pichu/
Pikachu/
Raichu
Volt Tackle
92.9%
Meowth
Pay Day
92.9%
Beedrill
Twineedle
90.5%
Cubone/
Marowak
Bone Club
90.5%
Smeargle
Sketch
90.5%
Miltank
Milk Drink
90.5%
Vespiquen
Attack Order
90.5%
Dialga
Roar Of Time
90.5%
Palkia
Spacial Rend
90.5%
Hitmonlee/
Hitmontop
Rolling Kick
88.1%
Octillery
Octazooka
88.1%
Deliberd
Present
88.1%
Ho-
oh
Sacred Fire
88.1%
Vespiquen
Defend Order
88.1%
Chatot
Chatter
88.1%
Arceus
Judgment
88.1%
Kadabra/
Alakazam
Kinesis
85.7%
Cubone/
Marowak
Bonemerang
85.7%
Porygon/
Porygon2/
Porygon-
Z
Conversion
85.7%
Lugia
Aeroblast
85.7%
Cacnea/
Cacturne
Needle Arm
85.7%
Seviper
Poison Tail
85.7%
Latios
Luster Purge
85.7%
Deoxys
Psycho Boost
85.7%
Darkrai
Dark Void
85.7%
Pokemon
Signature Move
% Correct
Chansey/
Blissey
Softboiled
83.3%
Porygon/
Porygon2/
Porygon-
Z
Conversion2
83.3%
Vespiquen
Heal Order
83.3%
Jynx
Lovely Kiss
81%
Giratina
Shadow Force
81%
Shaymin
Seed Flare
81%
Exeggcute/
Exeggutor
Barrage
78.6%
Hitmontop
Triple Kick
78.6%
Makuhita/
Hariyama
Arm Thrust
78.6%
Spinda
Teeter Dance
78.6%
Latias
Mist Ball
78.6%
Jirachi
Doom Desire
78.6%
Heatran
Magma Storm
76.2%
Spinarak/
Ariados
Spider Web
73.8%
Makuhita/
Hariyama
SmellingSalt
73.8%
Spheal/
Sealeo/
Walrein
Ice Ball
73.8%
Rhyperior
Rock Wrecker
69%
Cresselia
Lunar Dance
69%
Hitmonlee
Mega Kick
66.7%
Shellder
Icicle Spear
64.3%
Porygon
Sharpen
64.3%
Manaphy
Heart Swap
61.9%
Misdreavus
Pain Split
54.8%
Regigigas
Crush Grip
54.8%
Hitmonchan
Vacuum Wave
33.3%
Quiz Playlist
Details
Report
Send in Message
Add To Playlist
Classic:
Type in answers that appear in a list
Last Updated: Feb 16, 2017
Quiz Scoreboard
CHALLENGE
Sign Up to Join the Scoreboard
Show All
Scores
Hide
Comments
May contain spoilers
Recently Published
Holiday 10x10 Sorting Gallery
by lukepisani3
Holiday
15m
Two Season TV Shows II
by 123Four
Television
10m
Image Sorting: Flags VI
by Barbecue
Geography
2m
More to Explore
Quiz From the Vault
Featured Blog Post
14 Easter Pick-up Lines to Find Eggs With
hide this ad
You Might Also Like...
Tags
Nintendo Quiz
Pokémon Quiz
Today's Top Quizzes in Gaming
Browse Gaming
hide this ad
Today's Top Quizzes in Nintendo
Browse Nintendo
Top Contributed Quizzes in Gaming
1
League of Legends Pro Players by Career/Team History
2
Destiny 2 exotic weapons by perk icons
3
Genshin Impact Logic Puzzle
4
Genshin Impact Logic Puzzle Quiz
5
Ultimate Genshin Impact Logic Puzzle (up to 4.3)
6
4x4 Decades: Video Games
7
Genshin murder mystery
8
Who's on the WWE 2K24 Cover?
9
Dead By Daylight Logic Puzzle
10
Image Sorting: Video Game Characters II
Explore More
Trending Topics
Harry Potter
Kpop
NBA
Crossword
Marvel
Anime
Disney
WWE
Soccer
Pokémon
NFL
The Office
Song
Puzzle
Country
hide this ad
More By:
NJJ
Quiz
Plays
Rating
Category
Featured
Created
Pokemon Signature Moves In Gen 7
157
5.00
Gaming
Dec 22, 2016
Pokemon Signature Moves In Gen 1
129
5.00
Gaming
Dec 22, 2016
Pokemon Signature Moves In Gen 3
72
Gaming
Dec 22, 2016
'Dog' in Different Languages
67
5.00
Language
Dec 24, 2016
Pokemon Signature Moves In Gen 2
47
Gaming
Dec 22, 2016
Go to Creator's Profile
Score Distribution
Quiz Creator Spotlight
NJJ
Follow
Send a Message
Quizzes Created
-
Created Quiz Play Count
-
More By This Creator
Popular Quizzes Today
1
Find the US States - No Outlines Minefield
2
Colored Red Africa Blitz
3
Find the 'City' Movie
4
The Countries of the World
5
Find the US States
6
5x2 Blitz: Bands
7
Find the Countries of Europe - No Outlines Minefield
8
US States
More Gaming Quizzes
5-Star Super Smash Bros. Characters by Game
Curator's Pick
Trending Quizzes
Colored Red Europe Blitz I
Colored Red Europe Blitz II
Colored Red Africa Blitz II
Colored Red Africa Blitz III
Colored Red Europe Blitz III
Recently Updated
Odd Team Out - Big 4 Players
pecheneg
Quick Pick: 20 Twenties
pecheneg
March Madness Men's Triple Doubles
pecheneg
How Do You Spell That?
pecheneg
Godzilla Movies
pecheneg
Grab Bag: 4-10 Letters
pecheneg
2024 March Madness Bracket
pecheneg
Famous TV Couples
Peacemaker
Champions League XIs: Real Madrid
pecheneg
Largest US Cities 1790-2010
pecheneg
Trending Topics
Anime
Harry Potter
Disney
Marvel
Kpop
Crossword
NBA
Puzzle
Pokémon
WWE
The Office
Country
Song
NFL
Soccer
Your Account Isn't Verified!
In order to create a playlist on Sporcle, you need to verify the email address you used during registration. Go to your
Sporcle Settings
to finish the process.
Report this User
Report this user for behavior that violates our
Community Guidelines
.
Details:
Send Report
Go to the Sporcle.com Mobile Site →
Comments